000 00674nam a2200205Ii 4500
003 JO-AjNU
008 230605s9999||||xx |||||||||||||| ||und||
040 _aJO-AjNU
_bara
_erda
_cJO-AjNU
041 _aara
050 1 4 _aB746.I4 1983
100 3 _aسعد، فاروق,
_eauthor
_97388
245 0 0 _aتداعي الحيوانات على الإنسان
250 _aط3
264 3 1 _aبيروت: منشورات دار الافاق الجديدة، 1983
300 _a269ص
336 _atext
_btxt
_2rdacontent
337 _aunmediated
_bn
_2rdamedia
338 _avolume
_bnc
_2rdacarrier
650 4 _aالفلسفة الاسلامية- الفلسفة العربية
_97389
999 _aA254
_c3822
_d3822